000 00526nam a2200157Ia 4500
003 GCL
008 140319s9999 xx 000 0 ara d
040 _aGCL /
_cGCL
082 0 4 _a091.1
_bب ق
100 1 _aسوفاجية، جان
245 1 0 _aقواعد تحقيق المخطوطات العربية وترجمتها: وجهة نظر الاستعراب الفرنسى /
_cسوفاجية، جان
700 1 _aبلاشير، ريجيس
700 1 _aمحمود المقداد (تحقيق)
300 _a104 ص
490 _a
999 _c37798
_d37798